000 00487nam a2200181Ia 4500
005 20250325053633.0
008 240331s9999 xx 000 0 und d
020 _a080393694X
082 _a302.23
_bCRA
_21107
100 _aCrane, D
245 4 _aThe Production of Culture:
_bMedia and the Urban Arts
260 _aNew Delhi;
_aCalifornia;
_aLondon,
_bSAGE Publications
_c1992
300 _ax, 198 p., (Volume 1)
650 _aCulture
650 _aMedia
650 _aArts
942 _cL
999 _c1137
_d1137